000 00476nam a22001577a 4500
999 _c527645
_d527645
020 _qHBK.
082 _a658.4
100 _aMirza, Ghulam Mustafa
245 _aBusiness Intelligence: The New Path Way to Success /
_cGhulam Mustafa Mirza.
260 _aIslamabad:
_bNBS - NUST,
_c2012.
300 _a155 p. : ill. ;
_c30cm.
942 _2ddc
_cTHE
650 _aEMBA Thesis.
_917645
700 _aMr. Asad Amjad.
_917657